[Event "11th European Club Cup for Wom"]
[Site "?"]
[Date "2006.10.09"]
[Round "2"]
[White "Miloradovic, Jelena"]
[Black "Kursova, Maria"]
[Result "0-1"]
[WhiteElo "2105"]
[BlackElo "2316"]
[PlyCount "70"]
[EventDate "2006.10.08"]

1. Nf3 c5 2. g3 Nc6 3. c4 g6 4. Bg2 Bg7 5. Nc3 d6 6. O-O e5 7. d3 Nge7 8. Bg5
h6 9. Bd2 O-O 10. Ne1 Rb8 11. Rb1 Be6 12. Nd5 b5 13. Nxe7+ Nxe7 14. cxb5 Rxb5
15. Qa4 Qb8 16. b3 Rc8 17. Nc2 d5 18. Na3 Rb6 19. b4 cxb4 20. Rxb4 Rxb4 21.
Bxb4 Nc6 22. Bc5 Qb2 23. Nb5 Nb8 24. Qb4 Qxe2 25. Nxa7 Na6 26. Qa5 Rxc5 27.
Qxa6 Rc2 28. a3 e4 29. Nc6 exd3 30. Qa8+ Kh7 31. Ne7 h5 32. Nxd5 d2 33. Ne3 Rc1
34. Qf3 Rxf1+ 35. Nxf1 d1=Q 0-1

[Event "11th European Club Cup for Wom"]
[Site "?"]
[Date "2006.10.09"]
[Round "2"]
[White "Pogonina, Natalija"]
[Black "Medic, Mirjana"]
[Result "1-0"]
[WhiteElo "2421"]
[BlackElo "2285"]
[PlyCount "87"]
[EventDate "2006.10.08"]

1. e4 e6 2. d4 d5 3. Nd2 b6 4. Ngf3 dxe4 5. Nxe4 Bb7 6. Bb5+ c6 7. Bd3 Nf6 8.
Nxf6+ gxf6 9. Qe2 Qc7 10. Bd2 Nd7 11. O-O-O O-O-O 12. Kb1 Bd6 13. Rhe1 Kb8 14.
g3 h6 15. Be3 Nf8 16. Nd2 Qe7 17. Nc4 Bc7 18. c3 Nd7 19. Be4 Qf8 20. Qf3 Ba6
21. Na3 c5 22. Bc6 cxd4 23. cxd4 f5 24. Bf4 Bd6 25. d5 e5 26. Bxd7 exf4 27.
Bxf5 Re8 28. Nc2 Rxe1 29. Rxe1 Qg7 30. g4 Qf6 31. h3 Rd8 32. Qb3 Bb7 33. Be4
Bc5 34. f3 Qh4 35. Qc3 Qg5 36. Nb4 a5 37. Nc6+ Bxc6 38. dxc6 Rd4 39. Qb3 Qf6
40. a3 Rd2 41. Rc1 Qe6 42. c7+ Kxc7 43. Qxe6 fxe6 44. b4 1-0

[Event "11th European Club Cup for Wom"]
[Site "?"]
[Date "2006.10.09"]
[Round "2"]
[White "Kruljac, Petra"]
[Black "Paehtz, Elisabeth"]
[Result "0-1"]
[WhiteElo "2033"]
[BlackElo "2449"]
[PlyCount "44"]
[EventDate "2006.10.08"]

1. d4 g6 2. c4 Bg7 3. Nf3 d6 4. g3 Nf6 5. Bg2 O-O 6. O-O Nc6 7. Nc3 a6 8. d5
Na5 9. Nd2 c5 10. Qc2 Rb8 11. b3 b5 12. Bb2 e5 13. e4 Bh6 14. Nd1 Nh5 15. f3 f5
16. Nf2 Be3 17. Kh1 f4 18. g4 Qh4 19. Nh3 Nf6 20. Rfe1 h5 21. Rxe3 fxe3 22. Nf1
hxg4 0-1

[Event "11th European Club Cup for Wom"]
[Site "?"]
[Date "2006.10.09"]
[Round "2"]
[White "Kovanova, Baira"]
[Black "Svaljek, Radmila"]
[Result "1-0"]
[WhiteElo "2303"]
[BlackElo "2055"]
[PlyCount "101"]
[EventDate "2006.10.08"]

1. e4 e6 2. d4 d5 3. Nd2 dxe4 4. Nxe4 Bd7 5. Bd3 Bc6 6. Nf3 Bxe4 7. Bxe4 c6 8.
O-O Nf6 9. Bd3 Bd6 10. c4 Qc7 11. Re1 Nbd7 12. Qc2 Bf4 13. Bxf4 Qxf4 14. Rad1
Qc7 15. Ne5 O-O 16. Re3 Rfd8 17. Rde1 Nf8 18. Qd2 Qd6 19. Rg3 Ng6 20. Qg5 Qf8
21. Bxg6 hxg6 22. Qh4 Qb4 23. Nf3 Qa5 24. c5 Rd5 25. a3 Qd8 26. Rg5 Nh7 27.
Rxd5 Qxd5 28. b4 Nf6 29. h3 a5 30. bxa5 Rxa5 31. Qf4 Qd8 32. Rb1 Ra7 33. Ne5
Qe8 34. Nc4 Nd5 35. Qg3 Ne7 36. Nd6 Qd7 37. Rb3 Nd5 38. Rf3 Nf6 39. Qe5 Qd8 40.
Rb3 Qd7 41. Nc4 Ra4 42. Nd6 Ra7 43. g4 Ne8 44. Nxe8 Qxe8 45. Qc7 Qa8 46. a4 Kh7
47. Rb6 Rxa4 48. Rxb7 Rxd4 49. Qe7 Rd5 50. Kg2 Rxc5 51. Ra7 1-0

[Event "11th European Club Cup for Wom"]
[Site "?"]
[Date "2006.10.10"]
[Round "3"]
[White "Danielian, Elina"]
[Black "Cramling, Pia"]
[Result "1/2-1/2"]
[WhiteElo "2426"]
[BlackElo "2528"]
[PlyCount "66"]
[EventDate "2006.10.08"]

1. d4 Nf6 2. Nf3 d5 3. c4 c6 4. e3 Bg4 5. h3 Bxf3 6. Qxf3 e6 7. Bd3 Nbd7 8. Nc3
Bb4 9. Bd2 O-O 10. O-O Re8 11. Qd1 dxc4 12. Bxc4 Nb6 13. Bb3 Bd6 14. Qc2 Rc8
15. Ne4 Nxe4 16. Qxe4 e5 17. Bc3 exd4 18. Qxd4 Be5 19. Qc5 Qe7 20. Qxe7 Rxe7
21. Bxe5 Rxe5 22. Rfd1 g6 23. Rac1 a5 24. Rd4 Rb5 25. Rf4 Rc7 26. Rc2 c5 27.
Bc4 Rb4 28. a3 Rxc4 29. Rfxc4 Nxc4 30. Rxc4 b5 31. Rc2 Kf8 32. Kf1 Ke7 33. Ke2
f5 1/2-1/2

[Event "11th European Club Cup for Wom"]
[Site "?"]
[Date "2006.10.10"]
[Round "3"]
[White "Peptan, Corina Isabela"]
[Black "Khurtsidze, Nino"]
[Result "0-1"]
[WhiteElo "2428"]
[BlackElo "2419"]
[PlyCount "114"]
[EventDate "2006.10.08"]

1. e4 c5 2. Nf3 e6 3. d4 cxd4 4. Nxd4 a6 5. Bd3 Nf6 6. O-O d6 7. f4 g6 8. Kh1
Bg7 9. Nc3 O-O 10. f5 Qe7 11. Bg5 h6 12. Bh4 Nbd7 13. Qe2 Ne5 14. Rad1 Qc7 15.
Nf3 Nxd3 16. Qxd3 exf5 17. exf5 Bxf5 18. Qxd6 Qxd6 19. Rxd6 Ne4 20. Nxe4 Bxe4
21. c3 g5 22. Bg3 Rad8 23. Nd2 Bd5 24. c4 Bc6 25. b3 Rxd6 26. Bxd6 Rd8 27. Bb4
Bf8 28. Bc3 Bg7 29. Bb4 Bf8 30. Bc3 Rd3 31. Nb1 f5 32. b4 f4 33. Kg1 Re3 34.
Kf2 Be4 35. Bd2 Bd3 36. Rc1 Re4 37. Nc3 Rxc4 38. a3 Bg7 39. h3 Bg6 40. Na4 Bd4+
41. Ke2 Rxc1 42. Bxc1 Be4 43. Kf1 Bc2 44. Nb2 b5 45. Ke2 Be4 46. Kf1 Kf7 47.
Nd1 Ke6 48. Nf2 Kf5 49. Nd1 h5 50. Bd2 g4 51. hxg4+ hxg4 52. Nc3 f3 53. gxf3
Bxf3 54. Ne2 Bxe2+ 55. Kxe2 Ke4 56. Be1 Bb2 57. Bd2 Bxa3 0-1

[Event "11th European Club Cup for Wom"]
[Site "?"]
[Date "2006.10.10"]
[Round "3"]
[White "Aginian, Nelly"]
[Black "Chelushkina, Irina"]
[Result "1/2-1/2"]
[WhiteElo "2274"]
[BlackElo "2353"]
[PlyCount "124"]
[EventDate "2006.10.08"]

1. e4 c5 2. Nf3 Nc6 3. d4 cxd4 4. Nxd4 Nf6 5. Nc3 e5 6. Ndb5 d6 7. Bg5 a6 8.
Na3 b5 9. Nd5 Be7 10. Bxf6 Bxf6 11. c3 Bg5 12. Nc2 O-O 13. a4 bxa4 14. Rxa4 a5
15. Bc4 Rb8 16. b3 Kh8 17. Nce3 Bxe3 18. Nxe3 f5 19. exf5 Bxf5 20. Nxf5 Rxf5
21. O-O Ne7 22. Bd3 Rf6 23. Bc2 Qb6 24. Qd3 g6 25. Ra2 Rbf8 26. Bd1 Nf5 27. Bf3
Ne7 28. Bd5 Qc5 29. Bf3 d5 30. Qe3 Qxe3 31. fxe3 e4 32. Be2 Rxf1+ 33. Bxf1 Nf5
34. Rxa5 Nxe3 35. Be2 Rc8 36. c4 dxc4 37. bxc4 Nxc4 38. Bxc4 Rxc4 39. Re5 Kg7
40. Re7+ Kf6 41. Rxh7 Rc2 42. Kf1 g5 43. Rh3 Ke5 44. Re3 Kd4 45. Re2 Rc8 46.
Ra2 Kd3 47. Ra3+ Kd2 48. Ra2+ Ke3 49. Ra3+ Kf4 50. h3 Rc1+ 51. Ke2 Rc2+ 52. Kf1
Rb2 53. Rc3 Ke5 54. Re3 Ra2 55. Re2 Ra3 56. Kf2 Kf4 57. Rb2 Rc3 58. Ra2 Rb3 59.
Re2 Rb5 60. Ra2 Re5 61. Rb2 Ra5 62. Re2 Ke5 1/2-1/2

[Event "11th European Club Cup for Wom"]
[Site "?"]
[Date "2006.10.10"]
[Round "3"]
[White "Mkrtchian, Lilit"]
[Black "Kosintseva, Nadezhda"]
[Result "0-1"]
[WhiteElo "2468"]
[BlackElo "2493"]
[PlyCount "55"]
[EventDate "2006.10.08"]

1. e4 c5 2. Nf3 d6 3. d4 cxd4 4. Nxd4 Nf6 5. Nc3 g6 6. Be2 Bg7 7. O-O O-O 8.
Be3 Nc6 9. Nb3 Be6 10. f4 Rc8 11. Kh1 a6 12. Qd2 Na5 13. Nxa5 Qxa5 14. Bf3 Bg4
15. e5 dxe5 16. fxe5 Qxe5 17. Bxb7 Rcd8 18. Qc1 Qa5 19. Bf3 Bxf3 20. Rxf3 Ng4
21. Bg5 Rd7 22. h3 Ne5 23. Rg3 Rfd8 24. Bh6 Bh8 25. Qf1 Qb4 26. b3 Nc6 27. a3
Qh4 28. Qf4 0-1

[Event "11th European Club Cup for Wom"]
[Site "?"]
[Date "2006.10.10"]
[Round "3"]
[White "Javakhishvili, Lela"]
[Black "Matveeva, Svetlana"]
[Result "1-0"]
[WhiteElo "2416"]
[BlackElo "2415"]
[PlyCount "75"]
[EventDate "2006.10.08"]

1. c4 c5 2. g3 Nc6 3. Bg2 g6 4. Nc3 Bg7 5. Nf3 e5 6. a3 d6 7. O-O a5 8. d3 Nge7
9. Bg5 h6 10. Bxe7 Nxe7 11. Ne1 O-O 12. Nc2 Bd7 13. Bxb7 Rb8 14. Bg2 Rxb2 15.
Ne3 Qb6 16. a4 e4 17. Nb5 exd3 18. Qxd3 Be6 19. Rab1 Rxb1 20. Rxb1 Rb8 21. Bd5
Bf5 22. Be4 Bxe4 23. Qxe4 Nc6 24. Rd1 Nd4 25. Nd5 Qb7 26. e3 Nxb5 27. cxb5 Kf8
28. Qc4 Qd7 29. b6 Qf5 30. Rd3 h5 31. Rb3 h4 32. e4 Qg4 33. Ne3 Qf3 34. Qd5 Be5
35. Nf5 Qe2 36. Nxd6 Bxd6 37. Qxd6+ Kg7 38. Re3 1-0

[Event "11th European Club Cup for Wom"]
[Site "?"]
[Date "2006.10.10"]
[Round "3"]
[White "Demina, Julia"]
[Black "Gvetadze, Sopio"]
[Result "1/2-1/2"]
[WhiteElo "2318"]
[BlackElo "2396"]
[PlyCount "99"]
[EventDate "2006.10.08"]

1. d4 Nf6 2. c4 e6 3. Nc3 Bb4 4. e3 O-O 5. Bd3 d5 6. Nge2 dxc4 7. Bxc4 e5 8. a3
Bxc3+ 9. bxc3 c5 10. O-O Nc6 11. a4 Qc7 12. Ba3 Na5 13. Ba2 b6 14. dxc5 bxc5
15. c4 Ne4 16. f3 Rd8 17. Qc2 Nd6 18. Qc3 f6 19. Nc1 Be6 20. Nb3 Nab7 21. Nd2
Rac8 22. Bb1 Qa5 23. Rc1 Bf7 24. f4 Re8 25. f5 e4 26. g4 Qxc3 27. Rxc3 Na5 28.
Ba2 Re7 29. Rac1 Be8 30. Bb3 Nf7 31. Bc2 Nd6 32. Bd1 Nab7 33. Kf2 Nf7 34. Bc2
Bc6 35. h3 Rd8 36. Ke2 Ng5 37. Rh1 Red7 38. Bc1 Nd6 39. a5 Nf3 40. Nb3 Nxc4 41.
Kf2 Nfe5 42. Nxc5 Rd5 43. Ne6 Rc8 44. Bb3 Bb5 45. Nf4 Nd3+ 46. Rxd3 Rxd3 47.
Nxd3 exd3 48. Rd1 Kh8 49. Bxc4 Bxc4 50. Bd2 1/2-1/2

[Event "11th European Club Cup for Wom"]
[Site "?"]
[Date "2006.10.10"]
[Round "3"]
[White "Lomineishvili, Maia"]
[Black "Sudakova, Irina"]
[Result "1/2-1/2"]
[WhiteElo "2382"]
[BlackElo "2392"]
[PlyCount "119"]
[EventDate "2006.10.08"]

1. d4 d5 2. c4 e6 3. Nf3 c6 4. e3 Nf6 5. Bd3 dxc4 6. Bxc4 Nbd7 7. O-O Bd6 8.
Nc3 O-O 9. e4 e5 10. Bg5 Qe7 11. d5 Rd8 12. Re1 Nf8 13. dxc6 bxc6 14. Qa4 Rb8
15. a3 Rxb2 16. Qxc6 Bb7 17. Qa4 Bc5 18. Nd1 Rb6 19. Ne3 Bc6 20. Qc2 Bxe3 21.
Rxe3 h6 22. Bh4 Ng6 23. Bg3 Nh5 24. Rc1 Nhf4 25. Rc3 Qb7 26. Bxf4 Rb2 27. Qxb2
Qxb2 28. Rb3 Qxc1+ 29. Bxc1 Rd1+ 30. Bf1 Rxc1 31. Nd2 Nf4 32. f3 Rd1 33. Nc4 a6
34. Ne3 Ra1 35. Kf2 Ba4 36. Rc3 Ra2+ 37. Kg3 Bb5 38. Bxb5 axb5 39. Rb3 Ne2+ 40.
Kg4 Nd4 41. Rc3 g6 42. h4 h5+ 43. Kh3 Kg7 44. Nd5 Rc2 45. Kh2 Kf8 46. Rd3 Ne6
47. Rb3 Nd4 48. Rd3 Kg7 49. Kh3 Rb2 50. Rc3 Rb1 51. Kh2 Ra1 52. Nb4 Kh6 53. Nc6
Nxc6 54. Rxc6 Rxa3 55. Rc5 Rb3 56. Rxe5 Kg7 57. Re7 Kf6 58. Rb7 Ke6 59. Kg3 Rb2
60. Kf4 1/2-1/2

[Event "11th European Club Cup for Wom"]
[Site "?"]
[Date "2006.10.10"]
[Round "3"]
[White "Botvinnik, Irina"]
[Black "Nebolsina, Vera"]
[Result "1-0"]
[WhiteElo "2208"]
[BlackElo "2349"]
[PlyCount "99"]
[EventDate "2006.10.08"]

1. c4 e5 2. Nc3 Nf6 3. e3 Bb4 4. Nge2 O-O 5. a3 Bxc3 6. Nxc3 d5 7. cxd5 Nxd5 8.
Qb3 Nb6 9. Be2 Bf5 10. O-O N8d7 11. d4 exd4 12. exd4 Qf6 13. Be3 Qg6 14. Rac1
Nf6 15. Bf3 c6 16. Rfd1 Be6 17. Qb4 Rfd8 18. a4 Ng4 19. Bf4 Nf6 20. Bg3 Rd7 21.
a5 Nbd5 22. Qa3 Rad8 23. Na4 Nc7 24. Bxc7 Rxc7 25. a6 b6 26. Nc3 Qg5 27. Ne2
Bd5 28. Qe3 Qxe3 29. fxe3 Re8 30. Kf2 Rce7 31. Rc3 Bxf3 32. gxf3 Nd5 33. Rxc6
Rxe3 34. Nc3 Nb4 35. Rc7 Nxa6 36. Rxa7 Nb4 37. Ne4 Rb3 38. Rd2 Nd3+ 39. Kg3 Ne1
40. Nc3 b5 41. Re2 Kf8 42. Ra3 Rxe2 43. Rxb3 Rg2+ 44. Kh3 Rf2 45. Nxb5 Rxf3+
46. Rxf3 Nxf3 47. Kg3 Ne1 48. Nc3 Ke7 49. Nd5+ Kd6 50. Nb4 1-0

[Event "11th European Club Cup for Wom"]
[Site "?"]
[Date "2006.10.10"]
[Round "3"]
[White "Klipper, Rebecca"]
[Black "Vovinkina, Natalia"]
[Result "0-1"]
[WhiteElo "2054"]
[BlackElo "2203"]
[PlyCount "156"]
[EventDate "2006.10.08"]

1. d4 d5 2. Nf3 Nf6 3. e3 Bf5 4. Bd3 Bxd3 5. Qxd3 Nbd7 6. Nbd2 c5 7. c3 e6 8.
O-O Be7 9. e4 Qc7 10. e5 c4 11. Qc2 Ng8 12. Re1 b5 13. a4 b4 14. cxb4 Bxb4 15.
b3 c3 16. Nb1 Rc8 17. Re3 Ne7 18. Na3 a6 19. Qd3 Qb6 20. Nc2 a5 21. Ba3 Nc6 22.
Bxb4 axb4 23. Qb5 Rb8 24. Qxb6 Rxb6 25. a5 Rb5 26. Nfe1 Ke7 27. Nd3 Ra8 28. a6
Nb6 29. f4 g6 30. g4 Nc8 31. Rh3 N8a7 32. Rxh7 Rab8 33. Rf1 Nd8 34. f5 gxf5 35.
gxf5 exf5 36. Rxf5 R8b6 37. Nc5 Rg6+ 38. Kf1 Rxc5 39. dxc5 Rxa6 40. Nxb4 Ra3
41. Rh6 Rxb3 42. Nxd5+ Ke8 43. Ke2 Nac6 44. Rh4 c2 45. Kd2 Rd3+ 46. Kxc2 Rxd5
47. Rg5 Rxc5+ 48. Kb3 Ne6 49. Rg8+ Ke7 50. Re4 Ned4+ 51. Kb2 Rc2+ 52. Kb1 Rxh2
53. Rc8 Kd7 54. Rf8 Ke6 55. Re8+ Kd7 56. Rf8 Rf2 57. Rh4 Ne6 58. Rg8 Nxe5 59.
Rg1 Ke7 60. Ra4 Nd3 61. Ra3 Nec5 62. Ka1 Nb4 63. Ra7+ Kf6 64. Rh1 Nb3+ 65. Kb1
Nd5 66. Rh3 Nd4 67. Rd3 Ke5 68. Ra4 Nc6 69. Rc4 Nce7 70. Rc1 Re2 71. Rf1 f5 72.
Kc1 f4 73. Kd1 Ra2 74. Re1+ Kf5 75. Rd2 Nc3+ 76. Kc1 Ra1+ 77. Kb2 Rxe1 78. Kxc3
f3 0-1

[Event "11th European Club Cup for Wom"]
[Site "?"]
[Date "2006.10.10"]
[Round "3"]
[White "Len, Irina"]
[Black "Steil Antoni, Fiona"]
[Result "0-1"]
[WhiteElo "2114"]
[BlackElo "2029"]
[PlyCount "134"]
[EventDate "2006.10.08"]

1. d4 d5 2. c4 e6 3. Nf3 Nf6 4. Bg5 Be7 5. e3 O-O 6. Nc3 h6 7. Bxf6 Bxf6 8. Qc2
c6 9. Bd3 Nd7 10. O-O Re8 11. Rfd1 Qe7 12. e4 dxc4 13. Bxc4 Nb6 14. Bb3 Qc7 15.
e5 Be7 16. a4 Qd8 17. Ne4 Nd5 18. Rac1 f5 19. exf6 Bxf6 20. Ne5 Bg5 21. Ra1 Rf8
22. g3 Rf5 23. a5 a6 24. Qe2 Bf6 25. Ng4 Be7 26. Nc5 Bxc5 27. dxc5 Qf8 28. Rac1
h5 29. Ne5 Qf6 30. Re1 h4 31. Rc4 hxg3 32. fxg3 Rg5 33. Rh4 Qf8 34. Qc2 Qf5 35.
Qd2 Qf6 36. Qe2 Qf8 37. Qc4 Qf6 38. Rhe4 Rf5 39. Bc2 Rh5 40. Rf1 Qh6 41. Qe2
Rf5 42. Re1 Rg5 43. Kh1 Qh5 44. Qf2 Rf5 45. Qg2 Qg5 46. Qe2 Qf6 47. Rh4 Rf2 48.
Qd3 Qf5 49. Kg1 Rxc2 50. Qxf5 exf5 51. b4 f4 52. gxf4 Bf5 53. Rh5 g6 54. Rh4
Kg7 55. Nf3 Rb2 56. Ng5 Rh8 57. Rxh8 Kxh8 58. Nf7+ Kg7 59. Nd6 Rxb4 60. Ne8+
Kh6 61. Nd6 Nxf4 62. Re7 Rb2 63. Nf7+ Kh5 64. Nd6 Bh3 65. Rh7+ Kg4 66. Rxb7
Rxb7 67. Nxb7 Kf3 0-1

[Event "11th European Club Cup for Wom"]
[Site "?"]
[Date "2006.10.10"]
[Round "3"]
[White "Neuhauser, Salome"]
[Black "Lian, Marina"]
[Result "0-1"]
[WhiteElo "1838"]
[BlackElo "1841"]
[PlyCount "108"]
[EventDate "2006.10.08"]

1. d4 Nf6 2. Nf3 e6 3. Bf4 c5 4. e3 Be7 5. c3 Nc6 6. Nbd2 Nh5 7. Bg3 Nxg3 8.
hxg3 d5 9. Bd3 h6 10. Ne5 Nxe5 11. dxe5 Qc7 12. Nf3 Bd7 13. a3 g5 14. g4 O-O-O
15. b4 f5 16. gxf5 exf5 17. bxc5 Bxc5 18. Qb3 Kb8 19. Rb1 f4 20. e4 Bc6 21. Qc2
g4 22. Nd4 g3 23. Ne6 Bxf2+ 24. Kf1 Qxe5 25. Nxd8 Rxd8 26. exd5 Bxd5 27. c4 Bc6
28. Rxh6 Rh8 29. Rxh8+ Qxh8 30. Be4 f3 31. gxf3 Qh3+ 32. Ke2 Qe6 33. Qd3 Bb6
34. Rd1 g2 35. c5 Bxc5 36. Qd8+ Qc8 37. Qg5 Bb5+ 38. Bd3 Bxd3+ 39. Kxd3 Qd7+
40. Kc2 Qxd1+ 41. Kxd1 g1=Q+ 42. Qxg1 Bxg1 43. Kd2 Bc5 44. a4 Kc7 45. Kd3 Kb6
46. Kc4 Bf8 47. f4 Ka5 48. Kb3 Be7 49. f5 a6 50. Kb2 Kxa4 51. Ka2 b5 52. Kb2
Bf6+ 53. Ka2 b4 54. Kb1 Ka3 0-1

[Event "11th European Club Cup for Wom"]
[Site "?"]
[Date "2006.10.10"]
[Round "3"]
[White "Johansson, Viktoria"]
[Black "Pogonina, Natalija"]
[Result "0-1"]
[WhiteElo "2234"]
[BlackElo "2421"]
[PlyCount "92"]
[EventDate "2006.10.08"]

1. d4 Nf6 2. c4 c5 3. d5 b5 4. cxb5 a6 5. bxa6 g6 6. Nc3 Bxa6 7. Nf3 d6 8. g3
Bg7 9. Bg2 O-O 10. Rb1 Nbd7 11. b3 Ne8 12. Bb2 Qa5 13. Qd2 Nc7 14. O-O Nb5 15.
Nxb5 Qxd2 16. Nxd2 Bxb5 17. Bxg7 Kxg7 18. Rb2 Rfb8 19. Re1 Ba6 20. Rc2 Rb7 21.
f4 Rba7 22. e4 Bc8 23. a4 Rb8 24. e5 Ba6 25. Re3 Rb4 26. exd6 exd6 27. Ne4 c4
28. bxc4 Bxc4 29. Nxd6 Rb1+ 30. Kf2 Bb3 31. Ne8+ Kf8 32. Rc8 Rb2+ 33. Kg1 Rxa4
34. Re1 Raa2 35. Bh1 Ba4 36. Nf6+ Kg7 37. Nxd7 Bxd7 38. Rc7 Bh3 39. d6 Rd2 40.
Rc6 Bg2 41. Rb6 Bxh1 42. Kxh1 Rxh2+ 43. Kg1 Rag2+ 44. Kf1 Rd2 45. Kg1 Rhg2+ 46.
Kh1 Rxg3 0-1

[Event "11th European Club Cup for Wom"]
[Site "?"]
[Date "2006.10.10"]
[Round "3"]
[White "Horn, Emilia"]
[Black "Komiagina, Maria"]
[Result "1/2-1/2"]
[WhiteElo "2081"]
[BlackElo "2326"]
[PlyCount "147"]
[EventDate "2006.10.08"]

1. e4 c5 2. Nf3 d6 3. d4 cxd4 4. Qxd4 a6 5. Bg5 Nc6 6. Qd2 h6 7. Bh4 g5 8. Bg3
Bg7 9. c3 Nf6 10. Bd3 Bg4 11. Qe3 Nh5 12. Na3 Rc8 13. Nc4 Nxg3 14. hxg3 Bxf3
15. gxf3 b5 16. Nd2 Qd7 17. f4 gxf4 18. gxf4 Qb7 19. a3 a5 20. Qe2 Rb8 21. Nf3
Bf6 22. Rh5 e5 23. fxe5 dxe5 24. Qe3 Bg7 25. Nh4 Ne7 26. f4 Qc7 27. f5 Qc6 28.
Ng2 Rg8 29. Qe2 Qc5 30. Qe3 Qc7 31. Qf2 Bf8 32. Ne3 f6 33. Ke2 Qc5 34. Rg1 Rxg1
35. Qxg1 Kd7 36. Rh1 Qc6 37. Ng4 Ng8 38. Nxe5+ fxe5 39. Qxg8 Kc7 40. Rg1 Rd8
41. Qf7+ Kb8 42. Rg6 Bd6 43. Rxh6 Qc5 44. Qf6 Rd7 45. Rg6 b4 46. Rg8+ Kb7 47.
axb4 axb4 48. Rg7 Rxg7 49. Qxg7+ Kb6 50. Qd7 bxc3 51. bxc3 Bf8 52. Qe6+ Kc7 53.
Qd5 Be7 54. Qf7 Qd6 55. Qc4+ Kb7 56. Qb5+ Kc7 57. Qa5+ Kb7 58. Bc4 Qc5 59. Bd5+
Kb8 60. Qa8+ Kc7 61. Qb7+ Kd8 62. Qb8+ Kd7 63. Qxe5 Qd6 64. Be6+ Ke8 65. Qb5+
Kf8 66. e5 Qc7 67. Qd5 Qb6 68. Qc4 Bc5 69. Qg4 Qb5+ 70. Bc4 Qb2+ 71. Kd3 Qb1+
72. Kd2 Qb2+ 73. Kd3 Qb1+ 74. Kd2 1/2-1/2

[Event "11th European Club Cup for Wom"]
[Site "?"]
[Date "2006.10.11"]
[Round "4"]
[White "Chiburdanidze, Maia"]
[Black "Dzagnidze, Nana"]
[Result "1-0"]
[WhiteElo "2504"]
[BlackElo "2432"]
[PlyCount "54"]
[EventDate "2006.10.08"]

1. d4 Nf6 2. c4 e6 3. Nf3 b6 4. e3 Bb7 5. Bd3 d5 6. O-O dxc4 7. Bxc4 a6 8. Qe2
b5 9. Bd3 Nbd7 10. a4 b4 11. e4 Be7 12. Nbd2 c5 13. e5 Nd5 14. Nc4 h6 15. Rd1
Rc8 16. a5 g5 17. h3 Rg8 18. Nh2 cxd4 19. Ng4 h5 20. Nh6 Rg7 21. Qxh5 Rxc4 22.
Bxc4 Nxe5 23. Bf1 Ng6 {[23.  Nf6!} 24. Qe2 {Qd5]  Rxd4} 24... Bf6 {Rxd5  Qxd5}
25. Ng4 {Bd4  Qxg5  Qxg5  Bxg5  f5  Bf6  fxg4  Bxd4} 25... e5 26. Re1 {
gxh3  g4  Re7  Bc5} 26... Nh4 {
Re3  Nf3+  Rxf3  Bxf3  Bxe7  Kxe7  g5  Kd6  g6  Kc5  Bxa6  Bd5} 27. Kh2 b3 {
g7  Be6  Bc8} 1-0

[Event "11th European Club Cup for Wom"]
[Site "?"]
[Date "2006.10.11"]
[Round "4"]
[White "Javakhishvili, Lela"]
[Black "Danielian, Elina"]
[Result "1-0"]
[WhiteElo "2416"]
[BlackElo "2426"]
[PlyCount "119"]
[EventDate "2006.10.08"]

1. d4 d5 2. Nf3 Nf6 3. c4 c6 4. e3 e6 5. Bd3 dxc4 6. Bxc4 Nbd7 7. O-O Bd6 8.
Nc3 b5 9. Bd3 O-O 10. Bd2 Bb7 11. Rc1 Rc8 12. Ne2 a6 13. b4 Qe7 14. Qb3 Rfd8
15. Ng3 Bxg3 16. hxg3 e5 17. dxe5 Nxe5 18. Nxe5 Qxe5 19. Bc3 Qd5 20. Rfd1 Qxb3
21. axb3 Nd5 22. Be1 g6 23. g4 f6 24. Be4 Rd6 25. Rd4 Kf7 26. g3 Rcd8 27. Bg2
Ne7 28. Bc3 Bc8 29. Ra1 Nd5 30. Bb2 Ne7 31. Rxd6 Rxd6 32. Bd4 Bxg4 33. Rxa6 Bc8
34. Rb6 Be6 35. Bc5 Rd7 36. Bxe7 Kxe7 37. Bxc6 Rd1+ 38. Kg2 Rc1 39. Bf3 Bxb3
40. Rxb5 h5 41. Rb7+ Kd6 42. b5 g5 43. Rb6+ Ke5 44. Bxh5 Rb1 45. f4+ gxf4 46.
exf4+ Kf5 47. Be2 Bd5+ 48. Kf2 Rb2 49. Ke3 Rb3+ 50. Bd3+ Kg4 51. Kd4 Bf3 52.
Rxf6 Kxg3 53. f5 Kf4 54. Rf8 Kg5 55. f6 Bh5 56. Bc4 Rf3 57. f7 Rf4+ 58. Kc5 Kf6
59. b6 Rf5+ 60. Kd6 1-0

[Event "11th European Club Cup for Wom"]
[Site "?"]
[Date "2006.10.11"]
[Round "4"]
[White "Khurtsidze, Nino"]
[Black "Gvetadze, Sopio"]
[Result "1/2-1/2"]
[WhiteElo "2419"]
[BlackElo "2396"]
[PlyCount "81"]
[EventDate "2006.10.08"]

1. d4 Nf6 2. c4 e6 3. Nc3 Bb4 4. Qc2 O-O 5. a3 Bxc3+ 6. Qxc3 b6 7. Nf3 Bb7 8.
e3 c5 9. Be2 d6 10. b3 Nbd7 11. Bb2 Qe7 12. O-O Rac8 13. Rad1 Rfd8 14. d5 exd5
15. cxd5 Qf8 16. Bc4 a6 17. a4 b5 18. axb5 axb5 19. Bxb5 Nxd5 20. Qc2 N7f6 21.
Qb1 Qe7 22. Bd3 Ra8 23. Nh4 Nb4 24. Rfe1 Nxd3 25. Qxd3 Ra2 26. Qb1 Raa8 27. Nf5
Qe6 28. Bxf6 Qxf6 29. e4 Bc8 30. Ne3 Be6 31. Nc4 Bxc4 32. bxc4 g6 33. Rd5 Rdb8
34. Qc1 Rb2 35. Rd2 Rxd2 36. Qxd2 Ra1 37. Kf1 Rxe1+ 38. Qxe1 Qd4 39. Qe2 Qa1+
40. Qe1 Qd4 41. Qe2 1/2-1/2

[Event "11th European Club Cup for Wom"]
[Site "?"]
[Date "2006.10.11"]
[Round "4"]
[White "Matnadze, Ana"]
[Black "Aginian, Nelly"]
[Result "1/2-1/2"]
[WhiteElo "2392"]
[BlackElo "2274"]
[PlyCount "79"]
[EventDate "2006.10.08"]

1. d4 d5 2. Nf3 Nf6 3. c4 c6 4. e3 e6 5. Bd3 dxc4 6. Bxc4 Nbd7 7. O-O Bd6 8.
Nc3 b5 9. Bd3 O-O 10. Bd2 Bb7 11. Rc1 a6 12. Ne4 Nxe4 13. Bxe4 Rc8 14. b4 Qe7
15. Qb3 Rfd8 16. Rfe1 Bb8 17. Qc2 h6 18. a3 Qd6 19. Qa2 Qe7 20. Bc3 Nb6 21. Ba1
Nc4 22. Rxc4 bxc4 23. Qxc4 Bd6 24. Bb1 a5 25. e4 axb4 26. e5 Bc7 27. axb4 Bb6
28. h4 g6 29. h5 Kg7 30. hxg6 fxg6 31. Qc2 Qf7 32. Re4 c5 33. Rg4 cxd4 34.
Rxg6+ Kf8 35. Qd2 Ke7 36. Rf6 Qg7 37. Rg6 {[37.  Nh4!]} 37... Qf7 38. Rf6 Qg7
39. Rg6 Qf7 40. Rf6 1/2-1/2

[Event "11th European Club Cup for Wom"]
[Site "?"]
[Date "2006.10.11"]
[Round "4"]
[White "Kosintseva, Nadezhda"]
[Black "Len, Irina"]
[Result "1-0"]
[WhiteElo "2493"]
[BlackElo "2114"]
[PlyCount "65"]
[EventDate "2006.10.08"]

1. e4 c5 2. Nf3 a6 3. c3 d5 4. exd5 Qxd5 5. d4 Bg4 6. Be2 cxd4 7. cxd4 e6 8.
O-O Nf6 9. h3 Bh5 10. Nc3 Qd8 11. Qb3 b5 12. Bg5 Nbd7 13. Rad1 Qb8 14. Rfe1 Bd6
15. d5 Nc5 16. Qc2 Bg6 17. Qc1 b4 18. Na4 Nfe4 19. Be3 Nxa4 20. Qc6+ Ke7 21.
Qxa4 e5 22. Bd3 Rc8 23. Bxe4 Bxe4 24. Bg5+ f6 25. Rxe4 fxg5 26. Rde1 Qb5 27.
Qb3 a5 28. Nxe5 a4 29. Nc4+ Kd7 30. Nxd6 Kxd6 31. Qg3+ Kc5 32. Rc1+ Kb6 33.
Qd6+ 1-0

[Event "11th European Club Cup for Wom"]
[Site "?"]
[Date "2006.10.11"]
[Round "4"]
[White "Lian, Marina"]
[Black "Kursova, Maria"]
[Result "0-1"]
[WhiteElo "1841"]
[BlackElo "2316"]
[PlyCount "76"]
[EventDate "2006.10.08"]

1. e4 c5 2. Nc3 e6 3. f4 a6 4. Nf3 d5 5. d3 Nc6 6. g3 Nf6 7. e5 Nd7 8. Bg2 Be7
9. O-O O-O 10. Qe1 b5 11. g4 b4 12. Ne2 a5 13. Qg3 Qc7 14. b3 a4 15. Be3 Ra6
16. Ng5 axb3 17. axb3 Bxg5 18. fxg5 Qxe5 19. Bf4 Qxe2 20. Rac1 Nde5 21. h3 Nxg4
22. hxg4 e5 23. Be3 d4 24. Bf2 Qxg4 25. Qh2 Qxg5 26. Bh4 Qg6 27. Kh1 Bb7 28.
Rg1 Qh6 29. Rce1 Nd8 30. Bxb7 Nxb7 31. Rxe5 Re6 32. Reg5 Rg6 33. Qf2 Rxg5 34.
Rxg5 f6 35. Rg4 Nd6 36. Qf3 Kh8 37. Kh2 Nf7 38. Qb7 Ne5 0-1

[Event "11th European Club Cup for Wom"]
[Site "?"]
[Date "2006.10.11"]
[Round "4"]
[White "Pogonina, Natalija"]
[Black "Maric, Alisa"]
[Result "1/2-1/2"]
[WhiteElo "2421"]
[BlackElo "2394"]
[PlyCount "89"]
[EventDate "2006.10.08"]

1. e4 e6 2. d4 d5 3. Nd2 dxe4 4. Nxe4 Bd7 5. Nf3 Bc6 6. Bd3 Nd7 7. O-O Ngf6 8.
Ng3 Be7 9. c4 O-O 10. b3 b6 11. Bb2 Bb7 12. Qe2 Re8 13. Rad1 Qc8 14. Ne5 c5 15.
Nxd7 Qxd7 16. dxc5 Qc6 17. f3 Qxc5+ 18. Kh1 Rad8 19. a3 a5 20. Bb1 Qc7 21. Ne4
Nxe4 22. Bxe4 Bxe4 23. Qxe4 Rxd1 24. Rxd1 Rd8 25. Rxd8+ Qxd8 26. Qd4 Qxd4 27.
Bxd4 Bc5 28. Bb2 h5 29. g4 hxg4 30. fxg4 f5 31. h3 Kf7 32. Kg2 g6 33. Kf3 Ke7
34. h4 Kf7 35. a4 Ke7 36. h5 fxg4+ 37. Kxg4 gxh5+ 38. Kxh5 Kd6 39. Kg4 Bg1 40.
Kf4 Kc5 41. Bc3 Bd4 42. Bd2 Bf6 43. Ke4 Bg7 44. Be3+ Kc6 45. Bf2 1/2-1/2